Schaum's outline of theory and problems of cost accounting I
Αποθηκεύτηκε σε:
| Κύριος συγγραφέας: | |
|---|---|
| Άλλοι συγγραφείς: | |
| Μορφή: | Βιβλίο |
| Γλώσσα: | English |
| Δημοσίευση: |
New York :
McGraw-Hill,
c1984
|
| Έκδοση: | 2nd ed. |
| Σειρά: | Schaum's outline series
|
| Θέματα: | |
| Ετικέτες: |
Προσθήκη ετικέτας
Δεν υπάρχουν, Καταχωρήστε ετικέτα πρώτοι!
|
MARC
| LEADER | 00000nam a2200000 i 4500 | ||
|---|---|---|---|
| 001 | 1/61993 | ||
| 008 | 960410s1984 eng d | ||
| 020 | |a 0070102732 ((pbk.)) | ||
| 035 | |l 10028994 | ||
| 040 | |a GR-MY-UA |b gre |e aacr | ||
| 041 | 0 | |a eng | |
| 082 | 0 | |a 657.42076 |2 (19) | |
| 100 | 1 | |a Polimeni, Ralph S. | |
| 245 | 1 | 0 | |a Schaum's outline of theory and problems of cost accounting I / |c by Ralph S. Polimeni and James A. Cashin |
| 246 | 3 | 3 | |a Cost accounting I |
| 250 | |a 2nd ed. | ||
| 260 | |a New York : |b McGraw-Hill, |c c1984 | ||
| 300 | |a 266 p.; |c 28 cm. | ||
| 490 | 1 | |a Schaum's outline series | |
| 500 | |a Spine title: Cost accounting I | ||
| 500 | |a Rev. ed. of: Schaum's outline of theory and problems of cost accounting / by James A. Cashin and Ralph S. Polimeni. c1978 | ||
| 504 | |a Περιλαμβάνει ευρετήριο | ||
| 650 | 0 | 0 | |a Cost accounting |x Problems, exercises, etc. |
| 700 | 1 | |a Cashin, James A. | |
| 830 | 0 | |a Schaum's outline series | |
| 852 | |a INST |b CHIOS |e 19960410 |h 657.42 POL |p 005200000370 |q 005200000370 |t BK |y 0 | ||
| 852 | |a INST |b CHIOS |e 19960410 |h 657.42 POL |p 005200000371 |q 005200000371 |t BK |y 0 | ||
| 909 | |a Χ |b 005780 | ||
| 909 | |a Χ |b 005787 | ||